| 000 | 00474nmm a2200169Ia 4500 | ||
|---|---|---|---|
| 008 | 251105s9999||||xx |||||||||||||||||und|| | ||
| 020 | _a8497423348 | ||
| 041 | _aspa | ||
| 100 | _aMartínez Ruiz, José, | ||
| 245 | 0 | _aLa ruta de Don Quijote | |
| 264 |
_a[Madrid, España] : _bBiblioteca Nueva, _c2005 |
||
| 300 | _a127 páginas | ||
| 490 | _aBiblioteca Azorín | ||
| 650 | _aSpanish narrative | ||
| 856 | _uhttps://public.digitaliapublishing.com/a/5144 | ||
| 942 | _cCF | ||
| 999 |
_c74139 _d74139 |
||